Normal view
MARC view
- MS-Manufacturing Engineering and Management
Entry Topical Term
001 - CONTROL NUMBER
- control field: 127282
003 - CONTROL NUMBER IDENTIFIER
- control field: NUST
005 - DATE AND TIME OF LATEST TRANSACTION
- control field: 20241231131009.0
008 - FIXED-LENGTH DATA ELEMENTS
- fixed length control field: 241231|| aca||aabn | a|a d
040 ## - CATALOGING SOURCE
- Original cataloging agency: NUST
- Transcribing agency: NUST
150 ## - HEADING--TOPICAL TERM
- Topical term or geographic name entry element: MS-Manufacturing Engineering and Management
670 ## - SOURCE DATA FOUND
- Source citation: Work cat.: (NUST)535724: Niazi Najeeb Ullah Khan. 127281, AUSTEMERING HEAT TREATMENT OF AISI 4340 STEEL AND COMPARATIVE ANALYSIS OF VARIOUS PHYSICAL PROPERTIES AT DIFFERENT PARAMETERS /, 2014.
